| 000 | 00557nam a2200121Ia 4500 | ||
|---|---|---|---|
| 008 | 220620s9999||||xx |||||||||||||| ||und|| | ||
| 245 | 0 |
_aNational Reflections on the Netherlands Didactics of Mathematics _bTeaching and Learning in the Context of Realistic Mathematics Education |
|
| 546 | _aEnglish[eng] | ||
| 650 | _aEducation||Mathematics—Study and teaching ||Learning||Instruction||Teaching||Assessment | ||
| 700 | _aVan den Heuvel-Panhuizen, Marja | ||
| 856 | _uhttps://library.oapen.org/bitstream/20.500.12657/23010/1/1007151.pdf | ||
| 942 | _cEB | ||
| 999 |
_c24276 _d24276 |
||